000
00219 a2200097 4500
001
44110
100
_a
Griffith J.C
245
_a
Afghanistan key to a continent
260
_a
_b
Andre deutsch
_c
090
_c
27854
_d
27854
942
_a
NUST-CAE
_c
M
_c
19840
999
_c
279183
_d
279183